| 000 | 01384 a2200229 4500 | ||
|---|---|---|---|
| 003 | Nust | ||
| 005 | 20221219182413.0 | ||
| 010 | _a 2002033135 | ||
| 020 | _a9812530339 | ||
| 040 | _cNust | ||
| 082 | 0 | 0 | _a621.38235,NIC |
| 245 | 0 | 0 |
_aWireless networks / _cP. Nicopolitidis ... [et al.]. |
| 260 |
_aChichester, England ; _aHoboken, NJ : _bJ. Wiley, _c2003. |
||
| 300 |
_axvi, 405 p. : _bill. ; _c25 cm. |
||
| 505 | _aIntroduction to wireless Networks (Page-1), Wireless Communications Principles and Fundamentals (Page-25), First Generation 1G Cellular Systems (Page-95), Second Generation 2G Cellular Systems (Page-111), Third Generation 3G Cellular Systems (Page-151), Future Trends Fourth Generation 4G Systems and Beyond (Page-189), Satellite Network (Page-203), Wireless Local Area Networks (Page-239), Wireless ATM and Ad Hoc Routing (Page-273), Security Issues in Wireless Networks (Page-327), Simulation of Wireless Network systems (Page-341), Economic of Wireless Networks (Page-381). | ||
| 650 | 0 | _aTelecommunication engineering | |
| 700 | 1 |
_aNicopolitidis, P. _9105241 |
|
| 856 | 4 | 2 |
_3Book review (E-STREAMS) _uhttp://www.e-streams.com/es0610/es0610_2787.html |
| 856 | 4 | 2 |
_3Publisher description _uhttp://www.loc.gov/catdir/description/wiley037/2002033135.html |
| 856 | 4 | 2 |
_3Table of contents _uhttp://www.loc.gov/catdir/toc/wiley031/2002033135.html |
| 942 |
_2ddc _cBK |
||
| 999 |
_c179920 _d179920 |
||